<?xml version="1.0" encoding="UTF-8"?>
<record
    xmlns:xsi="http://www.w3.org/2001/XMLSchema-instance"
    xsi:schemaLocation="http://www.loc.gov/MARC21/slim http://www.loc.gov/standards/marcxml/schema/MARC21slim.xsd"
    xmlns="http://www.loc.gov/MARC21/slim">

  <leader>03479nam a2200565Ia 4500</leader>
  <controlfield tag="001">1344</controlfield>
  <controlfield tag="008">241029s9999    xx            000 0 und d</controlfield>
  <datafield tag="010" ind1=" " ind2=" ">
    <subfield code="a">1249</subfield>
  </datafield>
  <datafield tag="041" ind1=" " ind2=" ">
    <subfield code="a">Espa&#xF1;ol</subfield>
  </datafield>
  <datafield tag="082" ind1=" " ind2=" ">
    <subfield code="a">ST, MA-ES, 0021, FH, 2003</subfield>
  </datafield>
  <datafield tag="245" ind1=" " ind2="0">
    <subfield code="a">Formaci&#xF3;n acad&#xE9;mica del docente y su impacto en la ense&#xF1;anza de la Lengua Espa&#xF1;ola, en el Octavo Grado, del Nivel B&#xE1;sico, Distrito Educativo 10-02 de Santo Domingo Norte, durante el A&#xF1;o Lectivo 2005-2006</subfield>
  </datafield>
  <datafield tag="260" ind1=" " ind2=" ">
    <subfield code="a">Santo Domingo</subfield>
  </datafield>
  <datafield tag="300" ind1=" " ind2=" ">
    <subfield code="a">74</subfield>
  </datafield>
  <datafield tag="520" ind1=" " ind2=" ">
    <subfield code="a">1</subfield>
  </datafield>
  <datafield tag="630" ind1=" " ind2=" ">
    <subfield code="a">Docentes</subfield>
  </datafield>
  <datafield tag="630" ind1=" " ind2=" ">
    <subfield code="a">Ense&#xF1;anza-Aprendizaje</subfield>
  </datafield>
  <datafield tag="630" ind1=" " ind2=" ">
    <subfield code="a">Formaci&#xF3;n</subfield>
  </datafield>
  <datafield tag="650" ind1=" " ind2=" ">
    <subfield code="a">Calidad Docente</subfield>
  </datafield>
  <datafield tag="690" ind1=" " ind2=" ">
    <subfield code="a">Elaborado</subfield>
  </datafield>
  <datafield tag="700" ind1=" " ind2=" ">
    <subfield code="e">asesor</subfield>
    <subfield code="a">De Los Santos , Julio </subfield>
  </datafield>
  <datafield tag="700" ind1=" " ind2=" ">
    <subfield code="e">autor</subfield>
    <subfield code="a">Navarro Montilla, Dolores Grecia</subfield>
  </datafield>
  <datafield tag="700" ind1=" " ind2=" ">
    <subfield code="e">autor</subfield>
    <subfield code="a">Reynaldo P&#xE9;rez, Rosario</subfield>
  </datafield>
  <datafield tag="700" ind1=" " ind2=" ">
    <subfield code="e">autor</subfield>
    <subfield code="a">Rafael, Mart&#xED;n</subfield>
  </datafield>
  <datafield tag="901" ind1=" " ind2=" ">
    <subfield code="a">{"1":"Navarro Montilla","2":"Reynaldo P&#xE9;rez","3":"Rafael"}</subfield>
    <subfield code="b">{"1":"Dolores Grecia","2":"Rosario","3":"Mart&#xED;n"}</subfield>
  </datafield>
  <datafield tag="902" ind1=" " ind2=" ">
    <subfield code="a">1</subfield>
  </datafield>
  <datafield tag="903" ind1=" " ind2=" ">
    <subfield code="a">{"1":"De Los Santos "}</subfield>
    <subfield code="b">{"1":"Julio "}</subfield>
  </datafield>
  <datafield tag="904" ind1=" " ind2=" ">
    <subfield code="a">Maestr&#xED;a en</subfield>
  </datafield>
  <datafield tag="905" ind1=" " ind2=" ">
    <subfield code="a">Educaci&#xF3;n Superior</subfield>
  </datafield>
  <datafield tag="906" ind1=" " ind2=" ">
    <subfield code="a">2</subfield>
  </datafield>
  <datafield tag="907" ind1=" " ind2=" ">
    <subfield code="a">NO APLICA</subfield>
  </datafield>
  <datafield tag="908" ind1=" " ind2=" ">
    <subfield code="a">NO APLICA</subfield>
  </datafield>
  <datafield tag="909" ind1=" " ind2=" ">
    <subfield code="a">Universidad Aut&#xF3;noma de Santo Domingo (UASD)</subfield>
  </datafield>
  <datafield tag="910" ind1=" " ind2=" ">
    <subfield code="a">NULL</subfield>
    <subfield code="b">NULL</subfield>
  </datafield>
  <datafield tag="911" ind1=" " ind2=" ">
    <subfield code="a">["1"]</subfield>
  </datafield>
  <datafield tag="912" ind1=" " ind2=" ">
    <subfield code="a">NO APLICA</subfield>
  </datafield>
  <datafield tag="913" ind1=" " ind2=" ">
    <subfield code="a">NULL</subfield>
  </datafield>
  <datafield tag="914" ind1=" " ind2=" ">
    <subfield code="a">01 de Octubre de 2003</subfield>
  </datafield>
  <datafield tag="915" ind1=" " ind2=" ">
    <subfield code="a">18/07/15 02:07</subfield>
  </datafield>
  <datafield tag="916" ind1=" " ind2=" ">
    <subfield code="a">NULL</subfield>
  </datafield>
  <datafield tag="917" ind1=" " ind2=" ">
    <subfield code="a">NULL</subfield>
  </datafield>
  <datafield tag="918" ind1=" " ind2=" ">
    <subfield code="a">NO APLICA</subfield>
  </datafield>
  <datafield tag="919" ind1=" " ind2=" ">
    <subfield code="a">["70","89","200"]</subfield>
  </datafield>
  <datafield tag="520" ind1=" " ind2=" ">
    <subfield code="a">La investigaci&#xF3;n se plante&#xF3; como objetivo principal determinar el impacto de la formaci&#xF3;n acad&#xE9;mica del docente en la ense&#xF1;anza de la Lengua Espa&#xF1;ola, en el Octavo Grado, del Nivel B&#xE1;sico, Distrito Educativo 10-02 de Santo Domingo Norte, durante el A&#xF1;o Lectivo 2005-2006.La metodolog&#xED;a empleada fue de tipo descriptiva, anal&#xED;tica, inductiva y deductiva, situacional-diagn&#xF3;stica, cualitativa y transversal, en tanto que las t&#xE9;cnicas utilizadas fueron encuestas, la observaci&#xF3;n, el an&#xE1;lisis documental, entre otras. El universo a analizar fue el Distrito Educativo 10-02, con 37,188 estudiantes y 645 docentes, la poblaci&#xF3;n muestral, el Octavo Grado del Nivel B&#xE1;sico, con 28 maestros y 865 estudiantes.El estudio concluye que los estudiantes de los docentes con nivel de Licenciatura, presentaron mayor rendimiento acad&#xE9;mico que los de los docentes que no lo poseen. En cuanto al conocimiento y aplicaci&#xF3;n por parte de los docentes del Curr&#xED;culo del Ministerio de Educaci&#xF3;n, se observ&#xF3; que tanto los docentes Licenciados como los no Licenciados, presentan debilidades; pero, en los docentes no Licenciados, las debilidades son mayores ya que existen debilidades entre lo que planifica el docente y lo que ejecuta en el aula.Dentro de las recomendaciones planteadas por el estudio se encuentran: al Ministerio de Educaci&#xF3;n, a trav&#xE9;s de las Regionales de Educaci&#xF3;n, los Distritos Educativos y los directores de los centros, planificar y ejecutar programas de capacitaci&#xF3;n permanente y continua para los docentes Licenciados o no. A los/as directores/as, apropiarse del nuevo modelo de gesti&#xF3;n para la calidad de los centros educativos propuesto por el Ministerio, creando en su centro el equipo directivo, de gesti&#xF3;n, etc., para que las aulas sean el espacio por excelencia de los aprendizajes significativos.</subfield>
  </datafield>
  <datafield tag="921" ind1=" " ind2=" ">
    <subfield code="a">16</subfield>
  </datafield>
  <datafield tag="922" ind1=" " ind2=" ">
    <subfield code="a">16</subfield>
  </datafield>
  <datafield tag="923" ind1=" " ind2=" ">
    <subfield code="a">0</subfield>
  </datafield>
  <datafield tag="924" ind1=" " ind2=" ">
    <subfield code="a">NO APLICA</subfield>
  </datafield>
  <datafield tag="942" ind1=" " ind2=" ">
    <subfield code="c">Tesis</subfield>
  </datafield>
  <datafield tag="999" ind1=" " ind2=" ">
    <subfield code="c">1249</subfield>
    <subfield code="d">1249</subfield>
  </datafield>
</record>
